[Event "BEM 2011 M-Klasse"]
[Site "Berlin"]
[Date "2012.04.12"]
[Round "6.4"]
[White "Moeller, Hendrik"]
[Black "Offermann, Fernando"]
[Result "1-0"]
[WhiteElo "2242"]
[BlackElo "2130"]
[PlyCount "149"]
[EventDate "2012.??.??"]
[WhiteTeam "SC Weisse Dame"]
[BlackTeam "SF Berlin 1903"]

1. c4 Nf6 2. g3 g6 3. Bg2 Bg7 4. Nc3 O-O 5. e4 c5 6. Nge2 Nc6 7. O-O Rb8 8. d3
Ne8 9. Be3 Nd4 10. Rb1 Nc7 11. b4 d6 12. f4 Bd7 13. bxc5 dxc5 14. e5 Nxe2+ 15.
Qxe2 b6 16. Nd5 Be6 17. Qf3 Qd7 18. Rb3 Bg4 19. Qf2 f6 20. exf6 exf6 21. d4
cxd4 22. Bxd4 Ne6 23. Be3 Bf5 24. Rd1 Kh8 25. Bf3 h5 26. Nxf6 Qc8 27. Nd7 Ng5
28. fxg5 Bxd7 29. Bf4 Ba4 30. Bxb8 Qxb8 31. Kg2 Qc8 32. Rd5 Qxc4 33. Rbd3 Kh7
34. Rd8 Rf5 35. Qe2 Re5 36. Qd2 Qe6 37. R3d6 Qe7 38. Qd3 Rxg5 39. Be4 Qf7 40.
h4 Rg4 41. Bd5 Qf4 42. Bg8+ Kh8 43. Be6+ Kh7 44. Bxg4 Qxg4 45. Ra8 Bb5 46. Qf3
Qb4 47. Rd5 Qa4 48. Rxb5 Qxb5 49. Rxa7 Qe5 50. Rb7 Qb2+ 51. Qf2 Qb5 52. Rxb6
Qd5+ 53. Kh2 Bd4 54. Rb7+ Qxb7 {(=)} 55. Qxd4 Qf3 56. Qd7+ Kg8 57. Qd8+ Kh7 58.
Qd7+ Kg8 59. Qc8+ Kh7 60. Qc7+ Kh8 61. Qc8+ Kh7 62. Qc7+ Kh8 63. Qb8+ Kg7 64.
Qe5+ Kh7 65. Qb2 Qd1 66. a3 Qa4 67. Qb7+ Kg8 68. Qb8+ Kh7 69. Qb7+ Kg8 70. Qc8+
Kh7 71. Qc7+ Kg8 72. Qd8+ Kf7 73. Qd5+ Kf6 74. Qd6+ Kf7 75. Qf4+ 1-0

[Event "BEM 2011 M-Klasse"]
[Site "Berlin"]
[Date "2012.04.12"]
[Round "6.5"]
[White "Jahnz, Fabian"]
[Black "Slepuschkin, Shenis"]
[Result "1/2-1/2"]
[WhiteElo "2245"]
[BlackElo "2095"]
[PlyCount "123"]
[EventDate "2012.??.??"]
[WhiteTeam "SK König Tegel 1949"]
[BlackTeam "SK Zehlendorf"]

1. e4 c5 2. Nf3 Nc6 3. d4 cxd4 4. Nxd4 Nf6 5. Nc3 d6 6. Bg5 Qb6 7. Bxf6 gxf6 8.
Nb3 Be6 9. Qd2 h5 10. Bd3 a6 11. f4 Bh6 12. Rf1 Ne5 13. Qe2 Nxd3+ 14. Qxd3 Bxb3
15. axb3 e6 16. O-O-O O-O-O 17. Kb1 Kb8 18. Qh3 Qc5 19. Rd3 Ka7 20. f5 Qe5 21.
Qxh5 Bd2 22. Qxf7 Bxc3 23. Rxc3 exf5 24. exf5 Rxh2 25. g3 Rdh8 26. Rc7 Qb5 27.
Qc4 Qxc4 28. bxc4 Rg2 29. Rf3 Kb6 30. Rf7 Rh1+ 31. Ka2 Rxc2 32. Rxf6 Kc5 33.
Rf8 Rhh2 34. Rb3 Rhg2 35. f6 Rcf2 36. Rxb7 Rxg3 37. Rc8+ Kd4 38. f7 Rgf3 39.
Rb6 Rxf7 40. Rxd6+ Ke5 41. Rxa6 Rb7 42. Ra5+ Kd6 43. Rd5+ Ke7 44. Rb5 Rxb5 45.
cxb5 Rf5 46. b6 Rb5 47. Rc6 Kd7 48. Rg6 Kc8 49. Ka3 Kb7 50. b3 Ka6 51. Ka4 Rh5
52. Rf6 Rg5 53. Kb4 Rg4+ 54. Kc5 Rg5+ 55. Kc6 Rb5 56. Kc7 Rxb3 57. Rc6 Rb5 58.
Rf6 Rb1 59. Rg6 Rb2 60. Rf6 Rb5 61. Rh6 Rb1 62. Rf6 1/2-1/2

[Event "BEM 2011 M-Klasse"]
[Site "Berlin"]
[Date "2012.04.12"]
[Round "6.6"]
[White "Jaervinen, Rauno"]
[Black "Moritz, Aron"]
[Result "1-0"]
[WhiteElo "2182"]
[BlackElo "2104"]
[PlyCount "81"]
[EventDate "2012.??.??"]
[WhiteTeam "SF Berlin 1903"]
[BlackTeam "SV Empor Berlin"]

1. c4 g6 2. g3 Bg7 3. Bg2 Nf6 4. Nc3 d6 5. e4 O-O 6. Nge2 Nbd7 7. O-O e5 8. f4
c6 9. h3 a6 10. a4 a5 11. d3 Nc5 12. Be3 Nfd7 13. f5 Nb8 14. g4 Bf6 15. d4 exd4
16. Bxd4 Bxd4+ 17. Nxd4 Nbd7 18. Qd2 Qe7 19. Rf2 Rd8 20. Raf1 Ne5 21. b3 Bd7
22. Qe3 Be8 23. Qg3 Qg5 24. Nd1 Ra6 25. Ne3 Rb6 26. h4 Qe7 27. f6 Qf8 28. h5
Qh6 29. g5 Qf8 30. hxg6 fxg6 31. f7+ Bxf7 32. Ng4 Qg7 33. Nh6+ Kh8 34. Rxf7
Nxf7 35. Nxf7+ Kg8 36. Nh6+ Kh8 37. Nf7+ Kg8 38. Nxd8 Qxd4+ 39. Kh1 Qe5 40. Qf3
Qe7 41. Nf7 1-0

[Event "BEM 2011 M-Klasse"]
[Site "Berlin"]
[Date "2012.04.12"]
[Round "6.7"]
[White "Noetzel, Felix"]
[Black "Dimitrijeski, Kristian"]
[Result "0-1"]
[WhiteElo "2091"]
[BlackElo "2207"]
[PlyCount "56"]
[EventDate "2012.??.??"]
[WhiteTeam "SC Borussia Friedrichsfelde 1920"]
[BlackTeam "SK König Tegel 1949"]

1. e4 e5 2. Nf3 Nc6 3. Bc4 Bc5 4. b4 Bxb4 5. c3 Be7 6. d4 Na5 7. Nxe5 Nxc4 8.
Nxc4 d5 9. exd5 Qxd5 10. Ne3 Qa5 11. O-O Nf6 12. Qb3 O-O 13. Bb2 Bd7 14. c4 Qh5
15. Nd2 Bd6 16. Nf3 Ng4 17. Nxg4 Bxg4 18. Ne5 Be6 19. f4 f6 20. Nd3 b5 21. Qxb5
Qxb5 22. cxb5 Bc4 23. Rf3 Bxb5 24. Nc5 Rfe8 25. f5 Re2 26. Bc3 Bc6 27. Rf2
Bxh2+ 28. Kf1 Re3 0-1

[Event "BEM 2011 M-Klasse"]
[Site "Berlin"]
[Date "2012.04.12"]
[Round "6.8"]
[White "Keskowski, Thilo"]
[Black "Zschaebitz, Klaus"]
[Result "1-0"]
[WhiteElo "2102"]
[BlackElo "2123"]
[PlyCount "131"]
[EventDate "2012.??.??"]
[WhiteTeam "SV Berolina Mitte"]
[BlackTeam "BSG 1827 Eckbauer"]

1. c4 e6 2. g3 Nf6 3. Bg2 d5 4. Nf3 dxc4 5. Qa4+ c6 6. Qxc4 b5 7. Qc2 Bb7 8.
O-O a6 9. Ne5 Qb6 10. d4 Be7 11. Rd1 O-O 12. a4 Rc8 13. Nc3 c5 14. dxc5 Bxc5
15. Bxb7 Qxb7 16. axb5 axb5 17. Rxa8 Qxa8 18. Nxb5 Nbd7 19. Nc4 Qc6 20. Nd4
Bxd4 21. Rxd4 e5 22. Rd3 Nd5 23. Bd2 N7f6 24. b3 Qe6 25. Qd1 Ra8 26. Bg5 e4 27.
Rd4 h6 28. Bxf6 Qxf6 29. Kg2 Nc3 30. Qd2 Nxe2 31. Rxe4 Nc3 32. Re3 Ra2 33. Rf3
Rxd2 34. Rxf6 Rd1 35. Rf3 Ne2 36. Re3 Rg1+ 37. Kf3 Nd4+ 38. Ke4 Nc2 39. Re2 Nb4
40. Kd4 Rb1 41. Rb2 Rc1 42. Rd2 Nc2+ 43. Kc5 Na3 44. Rd8+ Kh7 45. Ra8 Nxc4 46.
bxc4 Rc2 47. f4 Rxh2 48. Ra3 h5 49. Kb4 h4 50. gxh4 Rf2 51. Rh3 Rxf4 52. Kb5
Rf1 53. c5 Rb1+ 54. Kc4 Rc1+ 55. Rc3 Re1 56. c6 Re8 57. Kc5 Kh6 58. Kd6 Kh5 59.
Kd7 Ra8 60. Rc4 f6 61. c7 g5 62. hxg5 fxg5 63. c8=Q Rxc8 {(=)} 64. Rxc8 Kg4 65.
Ke6 Kf3 66. Kf5 1-0

[Event "BEM 2011 M-Klasse"]
[Site "Berlin"]
[Date "2012.04.12"]
[Round "6.9"]
[White "Shapiro, Yosip"]
[Black "Gebigke, Martin"]
[Result "0-1"]
[WhiteElo "2152"]
[BlackElo "2180"]
[PlyCount "89"]
[EventDate "2012.??.??"]
[WhiteTeam "SV Berolina Mitte"]
[BlackTeam "SV Berolina Mitte"]

1. Nf3 Nf6 2. b3 g6 3. Bb2 Bg7 4. e4 d6 5. d3 O-O 6. g3 e5 7. Bg2 Nc6 8. Nbd2
a5 9. a3 Nd7 10. O-O Nc5 11. Nc4 Be6 12. Ne3 f5 13. exf5 gxf5 14. Nh4 f4 15.
Nc4 Qg5 16. Nd2 fxg3 17. hxg3 Bg4 18. Qe1 Qh5 19. f3 Bd7 20. Ne4 b6 21. g4 Qe8
22. Ng3 Bh6 23. Bc1 Bxc1 24. Rxc1 Ne6 25. c3 Nf4 26. Rd1 Qf7 27. c4 Nd4 28. b4
axb4 29. axb4 Qe7 30. Ne4 Ra2 31. Rd2 Rxd2 32. Nxd2 Nxd3 33. Qe3 Nf4 34. Qe1
Qg5 35. Ne4 Nfe2+ 36. Kh2 Qf4+ 37. Kh3 h5 38. Nf5 Rxf5 39. Qh4 Rf7 40. Qd8+ Kg7
41. Qg5+ Qxg5 42. Nxg5 Rf8 43. Bh1 Kg6 44. Ne4 hxg4+ 45. Kg2 0-1

[Event "BEM 2011 M-Klasse"]
[Site "Berlin"]
[Date "2012.04.13"]
[Round "7.1"]
[White "Stern, Rene"]
[Black "Lerch, Philipp"]
[Result "1-0"]
[WhiteElo "2502"]
[BlackElo "2048"]
[PlyCount "71"]
[EventDate "2012.??.??"]
[WhiteTeam "SK König Tegel 1949"]
[BlackTeam "SK König Tegel 1949"]

1. d4 Nf6 2. c4 g6 3. Nc3 Bg7 4. e4 d6 5. Nf3 O-O 6. Be2 e5 7. O-O Nc6 8. d5
Ne7 9. Ne1 Nd7 10. Nd3 f5 11. f3 Nf6 12. Bd2 f4 13. c5 h5 14. cxd6 cxd6 15. Nf2
g5 16. h3 Kh8 17. Qb3 Rg8 18. Rfc1 g4 19. fxg4 hxg4 20. hxg4 Bh6 21. Ncd1 Kh7
22. Qh3 Rg6 23. Rc3 Bd7 24. Rac1 Rc8 25. Kf1 Kg7 26. Rxc8 Nxc8 27. Qc3 Ne8 28.
g3 Qf6 29. gxf4 Bxf4 30. Ne3 Ne7 31. Nf5+ Bxf5 32. exf5 Rh6 33. Bxf4 Nxd5 34.
g5 Rh1+ 35. Nxh1 Qxf5 36. Qf3 1-0

[Event "BEM 2011 M-Klasse"]
[Site "Berlin"]
[Date "2012.04.13"]
[Round "7.2"]
[White "Kalinitschew, Sergey"]
[Black "Jaervinen, Rauno"]
[Result "1-0"]
[WhiteElo "2430"]
[BlackElo "2182"]
[PlyCount "57"]
[EventDate "2012.??.??"]
[WhiteTeam "SC Kreuzberg"]
[BlackTeam "SF Berlin 1903"]

1. e4 d5 2. exd5 Nf6 3. Nf3 Nxd5 4. d4 Bg4 5. h3 Bh5 6. g4 Bg6 7. Ne5 e6 8.
Nxg6 hxg6 9. Bg2 Nc6 10. c4 Ndb4 11. d5 Nd4 12. O-O c5 13. a3 Nbc2 14. Ra2 f5
15. b3 Qh4 16. Rxc2 fxg4 17. Rc3 Bd6 18. Rd3 O-O-O 19. Rxd4 cxd4 20. Qxd4 Rdf8
21. dxe6 gxh3 22. Qxh4 Rxh4 23. Bd5 Rg4+ 24. Kh1 Kc7 25. Nc3 Bc5 26. Ne4 Bd4
27. e7 Re8 28. Bg5 Kd7 29. Rd1 1-0

[Event "BEM 2011 M-Klasse"]
[Site "Berlin"]
[Date "2012.04.13"]
[Round "7.3"]
[White "Paulsen, Dirk"]
[Black "Moeller, Hendrik"]
[Result "1/2-1/2"]
[WhiteElo "2371"]
[BlackElo "2242"]
[PlyCount "57"]
[EventDate "2012.??.??"]
[WhiteTeam "SG Lasker Steglitz-Wilmersdorf"]
[BlackTeam "SC Weisse Dame"]

1. Nf3 Nf6 2. c4 c5 3. e3 Nc6 4. d4 cxd4 5. exd4 d5 6. Nc3 Bg4 7. Bg5 Bxf3 8.
gxf3 dxc4 9. d5 Ne5 10. Bxc4 Nxc4 11. Qa4+ Nd7 12. Qxc4 Rc8 13. Qe2 h6 14. Be3
e5 15. dxe6 fxe6 16. O-O-O Qa5 17. Kb1 Bb4 18. Nb5 a6 19. Bd4 e5 20. Na7 Rc7
21. Qe4 O-O 22. Be3 Bc5 23. Qc4+ Rf7 24. Rxd7 Rcxd7 25. Qxc5 Qxc5 26. Bxc5 b5
27. Nc6 Rc7 28. Nxe5 Rxc5 29. Nxf7 1/2-1/2

[Event "BEM 2011 M-Klasse"]
[Site "Berlin"]
[Date "2012.04.13"]
[Round "7.5"]
[White "Slepuschkin, Shenis"]
[Black "Boettcher, Patrick"]
[Result "0-1"]
[WhiteElo "2095"]
[BlackElo "2166"]
[PlyCount "106"]
[EventDate "2012.??.??"]
[WhiteTeam "SK Zehlendorf"]
[BlackTeam "SC Zitadelle Spandau 1977"]

1. d4 Nf6 2. Nf3 e6 3. Bg5 c5 4. Bxf6 Qxf6 5. c3 d5 6. e3 Nc6 7. Bb5 Bd6 8.
Nbd2 cxd4 9. exd4 Bd7 10. O-O O-O 11. Re1 Rfc8 12. Ba4 Rab8 13. a3 Be8 14. Bc2
Na5 15. Ne5 b5 16. Ng4 Qg5 17. h3 Nc4 18. Nf3 Qe7 19. b4 a5 20. h4 f6 21. g3
Ra8 22. Ne3 Qd7 23. Qe2 Bh5 24. Nxc4 Rxc4 25. Rac1 Rac8 26. Bd3 Rxc3 27. Bxb5
Qf7 28. Rxc3 Rxc3 29. Bd3 Rxa3 30. bxa5 Rxa5 31. Qe3 Ra4 32. Nd2 Bb4 33. Rb1
Bg6 34. Rb3 Bxd3 35. Qxd3 Qa7 36. Nf1 Bf8 37. Qe3 Kf7 38. Rd3 Ra3 39. Kg2 Qa6
40. Rb3 Rxb3 41. Qxb3 Qe2 42. Ne3 h5 43. Qc3 Qa6 44. Qc7+ Be7 45. Qc3 Qb6 46.
Qd3 g6 47. Qd2 Qb4 48. Qd1 Bd8 49. g4 hxg4 50. Qxg4 f5 51. Qf4 Bf6 52. Qc7+ Qe7
53. Qxe7+ Kxe7 0-1

[Event "BEM 2011 M-Klasse"]
[Site "Berlin"]
[Date "2012.04.13"]
[Round "7.6"]
[White "Gebigke, Martin"]
[Black "Stark, Ingo"]
[Result "0-1"]
[WhiteElo "2180"]
[BlackElo "2184"]
[PlyCount "74"]
[EventDate "2012.??.??"]
[WhiteTeam "SV Berolina Mitte"]
[BlackTeam "TSG Oberschöneweide"]

1. Nf3 c5 2. c4 Nf6 3. g3 e6 4. Bg2 Nc6 5. O-O d5 6. b3 Be7 7. Bb2 d4 8. e3 e5
9. exd4 exd4 10. d3 h6 11. Na3 a5 12. Nb5 O-O 13. Re1 Bf5 14. Ne5 Ra6 15. Ba3
Re8 16. Qf3 Qc8 17. Nxc6 bxc6 18. Rxe7 Rxe7 19. Nd6 Qd8 20. Nxf5 Re5 21. Qf4
Nd7 22. Bh3 Re6 23. Qg4 Qf6 24. f4 a4 25. Qd1 axb3 26. axb3 Ra5 27. Nh4 Re7 28.
Bxd7 Rxd7 29. Nf3 g5 30. Bb2 Rxa1 31. Bxa1 gxf4 32. g4 Re7 33. b4 Re3 34. bxc5
Qg6 35. Bxd4 Qxg4+ 36. Kf2 Re8 37. Be5 Rxe5 0-1

[Event "BEM 2011 M-Klasse"]
[Site "Berlin"]
[Date "2012.04.13"]
[Round "7.7"]
[White "Offermann, Fernando"]
[Black "Zschaebitz, Klaus"]
[Result "1-0"]
[WhiteElo "2130"]
[BlackElo "2123"]
[PlyCount "63"]
[EventDate "2012.??.??"]
[WhiteTeam "SF Berlin 1903"]
[BlackTeam "BSG 1827 Eckbauer"]

1. d4 g6 2. e4 Bg7 3. Nc3 d6 4. Nf3 Nd7 5. Be3 a6 6. a4 e6 7. Be2 b6 8. O-O Bb7
9. d5 Bxc3 10. bxc3 e5 11. Nd2 g5 12. Bh5 Qf6 13. a5 Qg7 14. axb6 cxb6 15. Nc4
Ke7 16. Bxb6 Ngf6 17. Ne3 Nxb6 18. Nf5+ Kf8 19. Nxg7 Kxg7 20. Rb1 Nfd7 21. Rxb6
Nxb6 22. Qb1 Bxd5 23. Qxb6 Bxe4 24. Qxd6 Rhe8 25. Re1 Re6 26. Qd2 Bg6 27. Be2
h6 28. Ra1 a5 29. Qd5 Rc8 30. Qxa5 Be4 31. Qb4 Ba8 32. Bg4 1-0

[Event "BEM 2011 M-Klasse"]
[Site "Berlin"]
[Date "2012.04.13"]
[Round "7.8"]
[White "Moritz, Aron"]
[Black "Shapiro, Yosip"]
[Result "1-0"]
[WhiteElo "2104"]
[BlackElo "2152"]
[PlyCount "88"]
[EventDate "2012.??.??"]
[WhiteTeam "SV Empor Berlin"]
[BlackTeam "SV Berolina Mitte"]

1. e4 c6 2. d4 d5 3. exd5 cxd5 4. Bd3 Nf6 5. c3 g6 6. h3 Bg7 7. Bf4 Nc6 8. Nf3
O-O 9. O-O Be6 10. Nbd2 Qd7 11. Re1 Kh8 12. Qe2 Nh5 13. Bh2 Bh6 14. Bb5 Nf4 15.
Bxf4 Bxf4 16. Ne5 Qc7 17. Bxc6 bxc6 18. Nd3 Bh2+ 19. Kh1 Bd6 20. Nb3 Rae8 21.
Nbc5 Bf5 22. Qe3 Kg7 23. Re2 h5 24. f4 Qc8 25. b4 Rd8 26. Rb1 a5 27. bxa5 Bxc5
28. dxc5 Qa6 29. Nb4 Qc4 30. Rd1 d4 31. Rxd4 Qxc5 32. Rxd8 Qxe3 33. Rxe3 Rxd8
34. Nxc6 Rd1+ 35. Kh2 Rd2 36. a6 Be6 37. Nb4 Kf6 38. Re5 Bc8 39. Ra5 Bf5 40. a7
Be4 41. a8=Q Rxg2+ 42. Kh1 Bxa8 43. Rxa8 Rd2 44. Ra5 e6 1-0

[Event "BEM 2011 M-Klasse"]
[Site "Berlin"]
[Date "2012.04.13"]
[Round "7.9"]
[White "Noetzel, Felix"]
[Black "Keskowski, Thilo"]
[Result "1-0"]
[WhiteElo "2091"]
[BlackElo "2102"]
[PlyCount "69"]
[EventDate "2012.??.??"]
[WhiteTeam "SC Borussia Friedrichsfelde 1920"]
[BlackTeam "SV Berolina Mitte"]

1. e4 d6 2. d4 Nf6 3. Nc3 g6 4. Bc4 Bg7 5. Be3 O-O 6. f3 c6 7. Bb3 b5 8. Qd2
Nbd7 9. Bh6 Nb6 10. a4 Nc4 11. Bxc4 bxc4 12. Nge2 Rb8 13. Nd1 d5 14. e5 Nd7 15.
h4 f6 16. h5 g5 17. Bxg7 Kxg7 18. h6+ Kh8 19. f4 Rg8 20. Rh5 Qe8 21. g4 gxf4
22. Qxf4 Rb7 23. Ne3 Rxb2 24. Kd2 Qg6 25. Rf1 c5 26. dxc5 Nxc5 27. exf6 Qd3+
28. Ke1 Rb1+ 29. Kf2 Ne4+ 30. Kg1 Rxf1+ 31. Kxf1 Qa3 32. fxe7 Qxe7 33. Nf5 Bxf5
34. Rxf5 Nd6 35. Qd4+ 1-0